Underwriting Risk Management

Charakterizácia a delenie poistného rizika a poistno-technického (upisovacieho) rizika. Poistné krytie rizika, poistiteľné a nepoistiteľné riziko. Riadenie upisovacích rizík v súlade s reguláciou Solventnosť II zavedenej v EÚ podľa jednotlivých kategórií rizík poistenia.

Gespeichert in:
Bibliographische Detailangaben
1. Verfasser: Krátka, Zuzana, 1968-
Format: Buchkapitel
Sprache:Slowakisch
Schlagworte:
Tags: Tag hinzufügen
Keine Tags, Fügen Sie das erste Tag hinzu!

MARC

LEADER 00000naa$a2200000$$$4500
001 0268281
005 20240502083803.5
041 0 |a slo 
044 |a CZ 
245 1 0 |a Underwriting Risk Management  |c Zuzana Krátka 
520 |a Charakterizácia a delenie poistného rizika a poistno-technického (upisovacieho) rizika. Poistné krytie rizika, poistiteľné a nepoistiteľné riziko. Riadenie upisovacích rizík v súlade s reguláciou Solventnosť II zavedenej v EÚ podľa jednotlivých kategórií rizík poistenia. 
610 2 0 |a poistenie 
610 2 0 |a riziko poistné 
610 2 0 |a riadenie rizík 
610 2 0 |a trh poistný 
610 2 0 |a regulácia trhu 
610 2 0 |a ochrana poistná 
610 2 0 |a druhy poistenia 
100 1 |a Krátka, Zuzana, 1968-